000 00285nam a2200109Ia 4500
005 20251222114411.0
008 251222s1900||||xx |||||||||||||| ||spa||
082 _aDVD0092/S25O/2006
245 0 _aSantuario de Ocopa
264 _bCastillejo, Cristian Salas Delgado, Raúl
942 _cDVD
999 _c2018
_d2018